<?xml version="1.0" encoding="UTF-8"?>
<record
    xmlns:xsi="http://www.w3.org/2001/XMLSchema-instance"
    xsi:schemaLocation="http://www.loc.gov/MARC21/slim http://www.loc.gov/standards/marcxml/schema/MARC21slim.xsd"
    xmlns="http://www.loc.gov/MARC21/slim">

  <leader>02111    a2200253   4500</leader>
  <controlfield tag="001">31960</controlfield>
  <controlfield tag="005">20260407155621.0</controlfield>
  <controlfield tag="008">260407a1995    arg                 spa d</controlfield>
  <controlfield tag="003">AR-UNSa-BCEJYS</controlfield>
  <datafield tag="040" ind1=" " ind2=" ">
    <subfield code="a">AR-UNSa-BCEJYS</subfield>
    <subfield code="b">spa</subfield>
    <subfield code="c">AR-UNSa-BCEJYS</subfield>
  </datafield>
  <datafield tag="080" ind1=" " ind2=" ">
    <subfield code="a">658.3</subfield>
    <subfield code="x">Personal. Relaciones humanas en la empresa (Recursos Humanos)</subfield>
  </datafield>
  <datafield tag="245" ind1="1" ind2="0">
    <subfield code="a">Fundamentos de direcci&#xF3;n y administraci&#xF3;n de empresas</subfield>
  </datafield>
  <datafield tag="020" ind1=" " ind2=" ">
    <subfield code="a">84-8086-187-8</subfield>
  </datafield>
  <datafield tag="264" ind1=" " ind2="1">
    <subfield code="a">Barcelona :</subfield>
    <subfield code="b">Irwin</subfield>
    <subfield code="c">1995</subfield>
  </datafield>
  <datafield tag="300" ind1=" " ind2=" ">
    <subfield code="a">848 p.</subfield>
    <subfield code="c">25 cm.</subfield>
  </datafield>
  <datafield tag="505" ind1=" " ind2=" ">
    <subfield code="a">Parte I: La gerencia y su entorno: 1. Los gerentes y el estudio de la direcci&#xF3;n de empresas - 2. Los gerentes y su entorno - 3. Las responsabilidades &#xE9;ticas y sociales de la gerencia - Parte II. La administraci&#xF3;n del trabajo y de las organizaciones: Planificaci&#xF3;n, organizaci&#xF3;n y control - 4. La toma de decisiones en la gerencia - 5. La funci&#xF3;n de la planificaci&#xF3;n - 6. La planificaci&#xF3;n estrat&#xE9;gica - 7. La funci&#xF3;n de organizar - 8. El dise&#xF1;o de la organiaci&#xF3;n - 9. La funci&#xF3;n de controlar - Parte III: La direcci&#xF3;n de personal en las organizaciones: el liderazgo - 10. La  motivaci&#xF3;n - 11. La direcci&#xF3;n de grupos de trabajo - 12. El liderazgo de personas en las organizaciones - 13. La comuinicaci&#xF3;n - 14. La direcci&#xF3;n de recursos humanos - 15. El cambio y el desarrollo en las organizaciones - Parte IV: La gesti&#xF3;n de la producci&#xF3;n y de las operaciones: planificacion, organizaci&#xF3;n y control - 16. Gesti&#xF3;n de la producci&#xF3;n y de las operaciones - 17. Sistemas de apoyo de decisiones - 18. La planificaci&#xF3;n de la producci&#xF3;n - 18. La planificaci&#xF3;n y el control del inventario -  PARTE V: Reto de la direcci&#xF3;n de empresas en el siglo XXI - 20. Los emprendedores - 21. La direcci&#xF3;n en el etorno global - 22. Las carreras en direcci&#xF3;n de empresas.</subfield>
  </datafield>
  <datafield tag="942" ind1=" " ind2=" ">
    <subfield code="c">BK</subfield>
  </datafield>
  <datafield tag="590" ind1=" " ind2=" ">
    <subfield code="a">niveau_biblio:m niveau_hierar:0</subfield>
  </datafield>
  <datafield tag="100" ind1="1" ind2=" ">
    <subfield code="a">Gibson, James L.</subfield>
  </datafield>
  <datafield tag="700" ind1="1" ind2=" ">
    <subfield code="a">Donnelly, James H., Jr.</subfield>
  </datafield>
  <datafield tag="700" ind1="1" ind2=" ">
    <subfield code="a">S&#xE1;nchez Carri&#xF3;n, Miguel Angel</subfield>
  </datafield>
  <datafield tag="700" ind1="1" ind2=" ">
    <subfield code="a">Ivancevich, John M.</subfield>
  </datafield>
  <datafield tag="856" ind1="4" ind2="1">
    <subfield code="u">https://biblioeco.unsa.edu.ar/pmb/images/libros/L70149.jpg</subfield>
    <subfield code="y">Imagen de portada</subfield>
    <subfield code="q">image/jpeg</subfield>
  </datafield>
  <datafield tag="999" ind1=" " ind2=" ">
    <subfield code="c">2227</subfield>
    <subfield code="d">2227</subfield>
  </datafield>
  <datafield tag="952" ind1=" " ind2=" ">
    <subfield code="0">0</subfield>
    <subfield code="1">0</subfield>
    <subfield code="4">0</subfield>
    <subfield code="7">0</subfield>
    <subfield code="a">BCEJYS</subfield>
    <subfield code="b">BCEJYS</subfield>
    <subfield code="c">16</subfield>
    <subfield code="d">2026-04-07</subfield>
    <subfield code="l">0</subfield>
    <subfield code="o">658.3 D685</subfield>
    <subfield code="p">L70149</subfield>
    <subfield code="r">2026-04-07 15:56:21</subfield>
    <subfield code="w">2026-04-07</subfield>
    <subfield code="y">L</subfield>
  </datafield>
</record>
